Statistiques concernant Clubs de football commençant par C

Cliquez ici pour prendre le quiz!

Statistiques générales

  • Ce quiz a été pris 381 fois
  • Le résultat moyen est 10 sur 16

Statistiques - réponses

Réponse% Correct
Chelsea
99%
Celtic FC
94%
Clermont Foot 63
93%
Celta Vigo
89%
Crystal Palace
88%
Cagliari
73%
CSKA Moscou
73%
Cercle Bruges
58%
Club America
57%
Cadiz CF
54%
Cardiff City
51%
Charlton Athletic
44%
Chicago Fire
42%
Colo-Colo
39%
Chapecoense
33%
CA Bastia
21%

Distribution des résultats

Percentile par nombre de réponses

% des personnes avec chaque résultat

Votre développement - résultats

Vous n’avez pas pris ce quiz